000 00279nam a22001337a 4500
008 170807b xxu||||| |||| 00| 0 eng d
020 _a9780078274138
041 _aeng
080 _a004
100 _a34
101 _aSHKI
245 _aOFFICE XP
_cHINKLE, D
942 _2udc
_cBK
999 _c22824
_d22824